Teatro inglés contemporáneo (Record no. 128922)

MARC details
000 -LEADER
campo de control de longitud fija 01170nam a2200289 i 4500
001 - NÚMERO DE CONTROL
campo de control 128922
003 - IDENTIFICADOR DE NÚMERO DE CONTROL
campo de control ES-MaACL
005 - FECHA Y HORA DE LA ÚLTIMA TRANSACCIÓN
campo de control 20260214172105.0
007 - CAMPO FIJO DE DESCRIPCIÓN FÍSICA--INFORMACIÓN GENERAL
campo de control de longitud fija t|
008 - DATOS DE LONGITUD FIJA--INFORMACIÓN GENERAL
campo de control de longitud fija 070530s1966 sp ||||1| spa d
080 ## - NÚMERO DE LA CLASIFICACIÓN DECIMAL UNIVERSAL
Número de la Clasificación Decimal Universal 82-2"19"(082)
245 00 - MENCIÓN DEL TÍTULO
Título Teatro inglés contemporáneo
Resto del título : 1956-62 /
Mención de responsabilidad, etc. tradución por Josefina Vidal, Antonio Gobernado y F.M. Lorda Alaiz.
260 ## - PUBLICACIÓN, DISTRIBUCIÓN, ETC.
Lugar de publicación, distribución, etc. [Madrid] :
Nombre del editor, distribuidor, etc. Aguilar,
Fecha de publicación, distribución, etc. [1966]
300 ## - DESCRIPCIÓN FÍSICA
Extensión 515 p. :
Otras características físicas il. ;
Dimensiones 20 cm.
505 8# - NOTA DE CONTENIDO CON FORMATO
Nota de contenido con formato Contiene: Tarjetas de identidad / Niguel Dennis.-- Un sonoro retintín / N.F. Simpson.-- Lutero / John Osborne.-- La danza del sargento Musgrave / John Arden.-- El conserje / Harold Pinter.-- Patatas fritas a voluntad / Arnold Wesker
700 1# - ENTRADA AGREGADA--NOMBRE PERSONAL
Nombre de persona Simpson, N. F.
9 (RLIN) 106599
700 1# - ENTRADA AGREGADA--NOMBRE PERSONAL
Nombre de persona Wesker, Arnold.
9 (RLIN) 116530
700 1# - ENTRADA AGREGADA--NOMBRE PERSONAL
Nombre de persona Vidal, Josefina.
9 (RLIN) 114441
700 1# - ENTRADA AGREGADA--NOMBRE PERSONAL
Nombre de persona Gobernado, Antonio.
9 (RLIN) 57487
700 1# - ENTRADA AGREGADA--NOMBRE PERSONAL
Nombre de persona Lorda Alaiz, F. M.,
Fechas asociadas al nombre 1918-1992
9 (RLIN) 74084
700 1# - ENTRADA AGREGADA--NOMBRE PERSONAL
Nombre de persona Pinter, Harold,
Fechas asociadas al nombre 1930-2008
9 (RLIN) 92213
700 1# - ENTRADA AGREGADA--NOMBRE PERSONAL
Nombre de persona Dennis, Nigel.
9 (RLIN) 43725
700 1# - ENTRADA AGREGADA--NOMBRE PERSONAL
Nombre de persona Arden, John.
9 (RLIN) 22532
700 1# - ENTRADA AGREGADA--NOMBRE PERSONAL
Nombre de persona Osborne, John,
Fechas asociadas al nombre 1929-1994
9 (RLIN) 87727
852 ## - LOCALIZACIÓN
Ubicación ES-MaACL
Número de control de estantería C-31655
Sublocalización o colección R.62160
Holdings
Estatus retirado Estado de pérdida Estado de daño No para préstamo Biblioteca de origen Biblioteca actual Ubicación en estantería Fecha de adquisición Fuente de adquisición Total de préstamos Signatura topográfica completa Código de barras Visto por última vez Precio de reemplazo Tipo de ítem Koha
        Biblioteca del Ateneo de Madrid Biblioteca del Ateneo de Madrid Depósito 2 17/01/2008     C-31655 1134261 23/02/2023 23/02/2023 Libro impreso